Facultad de Derecho – Universidad Nacional de Mar del Plata

Derecho Urbanístico (Record no. 4549)

MARC details
000 -CABECERA
campo de control de longitud fija 00783nam a22001577a 4500
080 ## - NUMERO DE CLASIFICACION DECIMAL UNIVERSAL (CDU)
Número de la Clasificación Decimal Universal 349.44 F 315
100 ## - ASIENTO PRINCIPAL--NOMBRE PERSONAL
Código del relacionador Autor
Nombre personal Febbraro, Cintia Romina
245 ## - MENCION DE TITULO
Título propiamente dicho Derecho Urbanístico
Parte restante del título el Boom de los Emprendimientos urbanísticos. las Autorizaciones de excepción otorgadas por los MUnicipios en desmedro del Ambiente.
300 ## - DESCRIPCION FISICA
Extensión 65 P.
500 ## - NOTA GENERAL
Nota general Director de tesis: Hutchinson, Tomás
502 ## - NOTA DE TESIS
Nota de tesis Tesis ( Especialización)--Universidad Nacional de Mar del Plata. Facultad de Derecho, Departamento de Posgrado, (S/ F).
504 ## - NOTA DE BIBLIOGRAFIA, ETC.
Nota de bibliografía, etc. Tiene Bibliografía: P: 63- 65.
650 ## - ASIENTO SECUNDARIO DE MATERIA - TERMINO TEMATICO
Fuente del encabezamiento o término Tesauro de Biblioteconomía y Documentación
Término temático o nombre geográfico como elemento de entrada derecho administrativo
-- derecho urbaníitico
-- poder de policia
-- derechos de incidencia colectiva
-- amparo colectivo
-- autorizacion para construir
945 ## - INFORMACION DE PROCESAMIENTO LOCAL
Responsable de carga/modificación Celeste Delía
Fecha de ingreso o modificación 2017-08-02
Holdings
Retirado Perdido Dañado No se presta Ubicación permanente Locación actual Estante o sala Fecha de adquisición Signatura topográfica Inventario Ultima fecha vista Tipo de item de Koha
        Bib. Derecho Bib. Derecho Biblioteca Graduados 02/08/2017 349.44 F 315 301705 02/08/2017 Tesis de posgrado

XHTML | CSS | ©Biblioteca Central - Dto. Tecnología de la Información - [ Con tecnología Koha ]